| 000 | 00726pam a2200241 a 4500 | ||
|---|---|---|---|
| 008 | |||
| 020 | _a025321646X (pbk. ) | ||
| 049 | _aMAIN | ||
| 090 | 0 | 0 |
_aDT30.5 _bREA |
| 245 | 0 | 0 |
_aReadings in African politics / _cedited by Tom Young. |
| 260 |
_aBloomington : _bIndiana University Press, _c2003. |
||
| 300 |
_aviii, 242 p. : _bill., maps ; _c24 cm. |
||
| 440 | 1 | _aReadings in-- | |
| 504 | _aIncludes bibliographical references. | ||
| 500 | _aIncludes index. | ||
| 651 | 0 |
_aAfrica _xPolitics and government _y1960- |
|
| 700 | 1 | _aYoung, Tom. | |
| 907 |
_a.b10254134 _b02-05-08 _c08-04-08 |
||
| 003 | |||
| 005 | 20230123124904.0 | ||
| 040 | _cNUST | ||
| 942 |
_cBOOKS _kDT30.5 _mREA |
||
| 999 |
_c132047 _d132047 |
||